[Event "42. Zuercher Weihnachtsopen 2018"]
[Site "Zurich"]
[Date "2018.12.28"]
[Round "4"]
[White "Bauer, Christian"]
[Black "Scholz, Christian"]
[Result "1-0"]
[WhiteElo "2646"]
[BlackElo "2381"]
[Annotator "TA"]
[PlyCount "49"]
[EventDate "2018.12.26"]
[EventCountry "SUI"]
[SourceTitle "playchess.com"]
[Source "ChessBase"]
[SourceQuality "1"]

{[%evp 14,49,27,29,62,41,90,85,93,88,102,87,97,81,117,88,235,237,246,244,305,298,285,289,491,483,714,732,718,707,692,697,29991,29992,29992,29988,29988,29989]} 1. d4 Nf6 2. Bf4 g6 3. Nc3 Bg7 4. e4 d6 5. Qd2 c6 6. Nf3 O-O 7. h3 {B08: Pirc Defence: Classical System} b5 (7... Qa5 8. e5 dxe5 9. dxe5 Nd5 10. Nxd5 Qxd2+ 11. Bxd2 cxd5 12. O-O-O Nc6 13. Bc3 e6 14. h4 h6 {0-1 (79) Vachier Lagrave,M (2779)-Carlsen,M (2842) Biel 2018}) 8. a3 {LiveBook: 4 Games} Na6 $146 ({Predecessor:} 8... Bb7 9. O-O-O b4 10. axb4 a5 11. b5 cxb5 12. e5 b4 13. exf6 bxc3 14. Qxc3 Bxf6 {1-0 (46) Rodshtein,M (2699)-Mchedlishvili,M (2604) Heraklio 2017}) 9. Be2 {White is slightly better.} b4 10. axb4 Nxb4 11. O-O a5 12. Rfd1 Re8 13. Bh6 $36 {[%mdl 2048] White has strong initiative.} Bh8 14. Qf4 e5 (14... Nxc2 $16 {was necessary.} 15. Rac1 Nh5) 15. dxe5 $18 dxe5 16. Nxe5 ({Don't do} 16. Rxd8 $6 exf4 17. Rad1 Ba6) 16... Qc7 17. Nxg6 $1 {[#] Intending Ne7+! and mate.} Qxf4 18. Nxf4 Nxc2 $2 (18... Bg7) 19. Rd3 {Strongly threatening Rg3+.} Nxa1 {[#]} (19... Nxe4 $142 20. Nxe4 Bf5) 20. Rg3+ $1 Bg7 21. Rxg7+ Kh8 22. Rxf7 Nxe4 23. Nxe4 {White mates.} Be6 24. Nxe6 Rxe6 25. Nf6 {Accuracy: White = 69%, Black = 31%.} 1-0

[Event "42. Zuercher Weihnachtsopen 2018"]
[Site "Zurich"]
[Date "2018.12.28"]
[Round "4"]
[White "Martirosyan, Haik M."]
[Black "Pikula, Dejan"]
[Result "1/2-1/2"]
[WhiteElo "2607"]
[BlackElo "2486"]
[Annotator "TA"]
[PlyCount "76"]
[EventDate "2018.12.26"]
[EventCountry "SUI"]
[SourceTitle "playchess.com"]
[Source "ChessBase"]
[SourceQuality "1"]

{[%evp 25,76,13,13,11,12,14,7,9,6,16,16,6,27,6,31,8,52,32,30,32,39,39,30,-408,27,0,30,30,34,30,45,30,30,31,31,34,56,12,12,12,12,12,12,12,12,12,12,12,12,12,12,12,12]} 1. d4 Nf6 2. Nf3 e6 3. c4 b6 4. g3 Bb7 5. Bg2 Be7 6. O-O O-O 7. Nc3 Ne4 8. Bd2 Bf6 9. Be1 {E18: Queen's Indian: Old Main Line (4 g3 Bb7 5 Bg2 Be7 6 0-0 0-0 7 Nc3)} Nxc3 10. Bxc3 Be4 11. Ne5 Bxg2 12. Kxg2 c5 13. dxc5 (13. Nf3 cxd4 14. Bxd4 Na6 15. Bxf6 Qxf6 16. Qd4 Qxd4 17. Nxd4 Rfc8 18. b3 {½-½ (17) Aronian,L (2801)-Tomashevsky,E (2702) Palma de Mallorca 2017}) 13... bxc5 {LiveBook: 29 Games} 14. Qd6 Qb6 15. Rad1 Qxd6 16. Rxd6 Be7 17. Rd2 d6 {[#]} 18. Nd3 $146 Nc6 19. e4 Rfd8 20. f4 d5 21. cxd5 exd5 22. exd5 Rxd5 23. Rfd1 Rad8 24. Rf1 $2 {[%mdl 8192] [#]} (24. Ne5 $11 Rxd2+ 25. Rxd2 Rxd2+ 26. Bxd2 Nxe5 27. fxe5) 24... Ra8 $2 ({Black should play} 24... Rxd3 $19 25. Rxd3 Rxd3) 25. Rfd1 Rad8 26. Ne5 Rxd2+ 27. Rxd2 Rxd2+ 28. Bxd2 Nxe5 29. fxe5 $11 {[%mdl 4096] Endgame KB-KB} f5 30. exf6 Bxf6 31. b3 a6 {The position is equal.} 32. Kf3 {White wants to play Be3.} Kf7 33. Be3 {With the idea Ke4.} Be7 $1 34. Ke4 {[#] Hoping for Kd5.} Ke6 35. g4 g6 36. h3 Bd6 37. Bf2 Bf8 38. Bg3 Be7 {Precision: White = 54%, Black = 66%.} 1/2-1/2

[Event "42. Zuercher Weihnachtsopen 2018"]
[Site "Zurich"]
[Date "2018.12.28"]
[Round "4"]
[White "Narayanan.S.L"]
[Black "Bluebaum, Matthias"]
[Result "1/2-1/2"]
[WhiteElo "2575"]
[BlackElo "2611"]
[Annotator "TA"]
[PlyCount "50"]
[EventDate "2018.12.26"]
[EventCountry "SUI"]
[SourceTitle "playchess.com"]
[Source "ChessBase"]
[SourceQuality "1"]

{[%evp 19,50,25,20,26,24,16,16,21,25,0,20,0,0,0,0,0,0,0,0,0,0,0,0,0,0,-28,-27,-33,0,-17,0,-47,0]} 1. c4 c6 2. Nc3 d5 3. e3 Nf6 4. Nf3 Bg4 5. Qb3 Qb6 6. Qxb6 {A11: English Opening: 1...c6} (6. Ne5 e6 7. Nxg4 Nxg4 8. Be2 Ne5 9. c5 Qc7 10. d4 Ned7 11. e4 Be7 12. O-O O-O 13. Be3 b6 14. cxb6 axb6 {1-0 (76) Wei,Y (2735)-Inarkiev,E (2690) Magas 2018}) 6... axb6 7. cxd5 Bxf3 8. gxf3 Nxd5 9. Nxd5 cxd5 10. b3 Nc6 {LiveBook: 3 Games} 11. Bb2 Rg8 $146 ({Predecessor:} 11... f6 12. f4 e6 13. Rg1 Kf7 {0-1 (25) Larsen,B (2565)-Torre,E (2540) Brussels 1987}) 12. Bb5 e6 13. a3 g6 14. Ke2 Kd7 15. b4 Bg7 16. d4 Rgc8 17. Rac1 Kd8 18. Bd3 Ne7 19. Kd2 Rxc1 20. Rxc1 Nc8 21. Ra1 Nd6 22. a4 Rc8 23. Rc1 Ra8 24. Ra1 Rc8 25. Rc1 Ra8 {Accuracy: White = 62%, Black = 72%.} 1/2-1/2

[Event "42. Zuercher Weihnachtsopen 2018"]
[Site "Zurich"]
[Date "2018.12.28"]
[Round "4"]
[White "Istratescu, Andrei"]
[Black "Colmenares, Aurelio"]
[Result "1/2-1/2"]
[WhiteElo "2564"]
[BlackElo "2335"]
[Annotator "ChessBase"]
[PlyCount "236"]
[EventDate "2018.12.26"]
[EventCountry "SUI"]
[SourceTitle "playchess.com"]
[Source "ChessBase"]
[SourceQuality "1"]

1. e4 c5 2. Nf3 Nc6 3. Bb5 g6 4. O-O Bg7 5. Re1 e5 6. Bxc6 dxc6 7. d3 Qe7 8. Nbd2 Nf6 9. Nc4 Nd7 10. a4 O-O 11. Bd2 Rd8 12. Qb1 Nf8 13. h3 Qc7 14. Bc3 f6 15. b4 cxb4 16. Bxb4 Be6 17. Ne3 Bf7 18. a5 Ne6 19. Bd2 Nf4 20. h4 h5 21. g3 Ne6 22. Qb2 Rd7 23. Reb1 Re8 24. Qc1 Nd4 25. Nxd4 exd4 26. Nf1 c5 27. Bh6 Bh8 28. Bf4 Qc6 29. Nd2 Be6 30. Qb2 Bg7 31. Qb5 Qc8 32. Nc4 Bf8 33. Qa4 Qd8 34. a6 bxa6 35. Rb8 Qe7 36. Bd6 Qf7 37. Rxe8 Qxe8 38. Bxf8 Qxf8 39. Qxa6 Qe7 40. Na5 Rd6 41. Qb7 Rd7 42. Qb8+ Qf8 43. Qf4 Kg7 44. Nb3 c4 45. Nd2 cxd3 46. cxd3 Qc5 47. Nf3 Qb6 48. Qd2 Bg4 49. Nh2 Bh3 50. Nf3 Bg4 51. Kg2 Bxf3+ 52. Kxf3 Qe6 53. Kg2 f5 54. exf5 Qd5+ 55. Kg1 Qxf5 56. Re1 Qf3 57. Re4 a5 58. Qxa5 Qxd3 59. Qe5+ Kh7 60. Qe8 Rb7 61. Kg2 Qc3 62. Re6 Qd3 63. Rd6 Qf5 64. Rxd4 Rf7 65. Qe3 Qf6 66. Re4 Qc6 67. Kg1 Qb7 68. Qe1 Rd7 69. Kh2 Rf7 70. Re3 Qb2 71. Re2 Qd4 72. Rd2 Qb6 73. Kg1 Qb4 74. Qd1 Qe4 75. Rd3 Qf5 76. Qe2 Qf6 77. Re3 Qa1+ 78. Kg2 Qa8+ 79. Kh2 Qd5 80. Kg1 Qf5 81. Rb3 Qd5 82. Rb1 Qf5 83. Rb8 Qf6 84. Qd2 Qe5 85. Rb1 Qf5 86. Qa2 Qf3 87. Re1 Qf5 88. Re3 Qf6 89. Qc2 Qa1+ 90. Kg2 Qa8+ 91. Kh2 Qd5 92. Kg1 Qf5 93. Qe2 Qb1+ 94. Kg2 Qb7+ 95. Re4 Qd5 96. Kg1 Qf5 97. Rf4 Qb1+ 98. Kh2 Rxf4 99. gxf4 Qf5 100. Qe5 Qg4 101. Qe7+ Kg8 102. Qg5 Qf5 103. Kg3 Kf7 104. f3 Qb1 105. Qd5+ Kg7 106. Qd4+ Kf7 107. Qc4+ Kg7 108. Qc7+ Kf6 109. Qc3+ Kf7 110. Kf2 Qb6+ 111. Ke2 Qb5+ 112. Qd3 Qb2+ 113. Ke3 Qc1+ 114. Qd2 Qc5+ 115. Kd3 Qd6+ 116. Kc2 Qc5+ 117. Kd3 Qd6+ 118. Kc2 Qc5+ 1/2-1/2

[Event "42. Zuercher Weihnachtsopen 2018"]
[Site "Zurich"]
[Date "2018.12.28"]
[Round "4"]
[White "Kunin, Vitaly"]
[Black "Svane, Rasmus"]
[Result "1/2-1/2"]
[WhiteElo "2535"]
[BlackElo "2596"]
[Annotator "ChessBase"]
[PlyCount "72"]
[EventDate "2018.12.26"]
[EventCountry "SUI"]
[SourceTitle "playchess.com"]
[Source "ChessBase"]
[SourceQuality "1"]

1. Nf3 d5 2. g3 g6 3. Bg2 Bg7 4. d4 Nf6 5. O-O O-O 6. c3 Bf5 7. Qb3 Qc8 8. c4 dxc4 9. Qxc4 Nbd7 10. Bf4 c6 11. Qc1 Bg4 12. Nc3 Re8 13. Rd1 Bxf3 14. Bxf3 e5 15. dxe5 Nxe5 16. Bg2 Qe6 17. Qc2 Nh5 18. Bd2 Nf6 19. h3 Nc4 20. Be1 Nb6 21. e4 h5 22. Rd3 Nfd7 23. Rad1 Nc5 24. Rd6 Qe7 25. b4 Ne6 26. Ne2 Rad8 27. Rxd8 Rxd8 28. h4 Rxd1 29. Qxd1 c5 30. bxc5 Qxc5 31. e5 Nc4 32. Bxb7 Nxe5 33. Bg2 Qa3 34. Nc3 Qb2 35. Qb1 Qxb1 36. Nxb1 Nd3 1/2-1/2

[Event "42. Zuercher Weihnachtsopen 2018"]
[Site "Zurich"]
[Date "2018.12.28"]
[Round "4"]
[White "Krishna C R G"]
[Black "Wagner, Dennis"]
[Result "1/2-1/2"]
[WhiteElo "2464"]
[BlackElo "2576"]
[Annotator "ChessBase"]
[PlyCount "64"]
[EventDate "2018.12.26"]
[EventCountry "SUI"]
[SourceTitle "playchess.com"]
[Source "ChessBase"]
[SourceQuality "1"]

1. d4 e6 2. Nf3 Nf6 3. e3 b6 4. Bd3 Bb7 5. O-O d5 6. c4 Bd6 7. Nc3 O-O 8. b3 a6 9. Bb2 Nbd7 10. Rc1 Ne4 11. cxd5 exd5 12. Ne2 Qe7 13. Ng3 f5 14. Qe2 g6 15. Rc2 h5 16. Rfc1 h4 17. Nf1 c5 18. h3 Kh7 19. Rd1 Kh6 20. N1h2 g5 21. a4 Rg8 22. a5 Raf8 23. Ne5 Nxe5 24. Bxe4 dxe4 25. dxe5 Bxe5 26. Rcd2 Rd8 27. Rxd8 Rxd8 28. Rxd8 Bxh2+ 29. Kxh2 Qxd8 30. Qc4 Qd6+ 31. Kg1 Qd1+ 32. Kh2 Qd6+ 1/2-1/2

[Event "42. Zuercher Weihnachtsopen 2018"]
[Site "Zurich"]
[Date "2018.12.28"]
[Round "4"]
[White "Stark, Lars"]
[Black "Vorobiov, Evgeny E."]
[Result "1/2-1/2"]
[WhiteElo "2374"]
[BlackElo "2567"]
[Annotator "ChessBase"]
[PlyCount "28"]
[EventDate "2018.12.26"]
[EventCountry "SUI"]
[SourceTitle "playchess.com"]
[Source "ChessBase"]
[SourceQuality "1"]

1. c4 Nf6 2. g3 g6 3. Bg2 Bg7 4. Nc3 O-O 5. e4 c5 6. Nge2 Nc6 7. a3 d6 8. O-O Ne8 9. Rb1 Nc7 10. b4 Ne6 11. d3 Ned4 12. b5 Nxe2+ 13. Nxe2 Nd4 14. Nxd4 Bxd4 1/2-1/2

[Event "42. Zuercher Weihnachtsopen 2018"]
[Site "Zurich"]
[Date "2018.12.28"]
[Round "4"]
[White "Heinemann, Josefine"]
[Black "Le, Tuan Minh"]
[Result "1/2-1/2"]
[WhiteElo "2337"]
[BlackElo "2515"]
[Annotator "ChessBase"]
[PlyCount "141"]
[EventDate "2018.12.26"]
[EventCountry "SUI"]
[SourceTitle "playchess.com"]
[Source "ChessBase"]
[SourceQuality "1"]

1. e4 c5 2. Nf3 Nf6 3. Nc3 d5 4. exd5 Nxd5 5. Bb5+ Bd7 6. Ne5 Nf6 7. Nxd7 Nbxd7 8. d4 cxd4 9. Qxd4 a6 10. Be2 e6 11. Ne4 Rc8 12. Nxf6+ Qxf6 13. Qxf6 gxf6 14. c3 Bd6 15. Be3 Ke7 16. O-O-O Rhg8 17. g3 f5 18. Rd2 Bc5 19. Bxc5+ Rxc5 20. Rhd1 Rc7 21. Kb1 Nf6 22. Bf3 Ng4 23. Bxg4 fxg4 24. h4 Rg6 25. Rd4 h5 26. Rf4 Rf6 27. Rxf6 Kxf6 28. Kc2 Rc5 29. Rd2 Ke7 30. Kd1 f5 31. Rd3 e5 32. Ke2 b5 33. Ke3 Rc8 34. a4 Ke6 35. a5 Rf8 36. Rd1 f4+ 37. Ke4 Rc8 38. gxf4 Rc4+ 39. Kd3 Rxf4 40. Ke3 Rf3+ 41. Ke2 Rh3 42. Rd8 Rxh4 43. Ra8 Kd5 44. Rxa6 Rh2 45. Ke3 Rh3+ 46. Ke2 Rh1 47. Rb6 Ke4 48. a6 Ra1 49. Rxb5 Rxa6 50. Rb4+ Kf5 51. Kf1 h4 52. f3 gxf3 53. Rxh4 e4 54. Kf2 Rd6 55. Rh8 Rd2+ 56. Ke3 Re2+ 57. Kd4 Kf4 58. Rf8+ Kg3 59. b4 f2 60. b5 Re1 61. b6 f1=Q 62. Rxf1 Rxf1 63. Kxe4 Rb1 64. c4 Rxb6 65. c5 Rb5 66. Kd5 Kf4 67. Kd6 Ke4 68. c6 Rd5+ 69. Ke6 Re5+ 70. Kd6 Rd5+ 71. Ke6 1/2-1/2

[Event "42. Zuercher Weihnachtsopen 2018"]
[Site "Zurich"]
[Date "2018.12.29"]
[Round "5"]
[White "Bluebaum, Matthias"]
[Black "Stark, Lars"]
[Result "1-0"]
[WhiteElo "2611"]
[BlackElo "2374"]
[Annotator "ChessBase"]
[PlyCount "129"]
[EventDate "2018.12.26"]
[EventCountry "SUI"]
[SourceTitle "playchess.com"]
[Source "ChessBase"]
[SourceQuality "1"]

1. Nf3 c5 2. c4 Nc6 3. Nc3 d6 4. d4 cxd4 5. Nxd4 Nf6 6. e4 g6 7. Be2 Bg7 8. Be3 Bd7 9. O-O O-O 10. Nc2 Qa5 11. f4 Rfc8 12. Kh1 Be6 13. Rc1 Rab8 14. a3 Qd8 15. b4 Qd7 16. Bd3 Qd8 17. Qd2 Qf8 18. Nd5 Ra8 19. Na1 Ng4 20. Bg1 Bd7 21. Nb3 b6 22. Be2 Nf6 23. Nxf6+ Bxf6 24. e5 Bg7 25. Bf3 Rab8 26. Rfd1 Be8 27. exd6 exd6 28. Re1 Rd8 29. Bf2 Bf6 30. b5 Ne7 31. Bd4 Bxd4 32. Nxd4 d5 33. Qe3 dxc4 34. Rxc4 Nd5 35. Qc1 Qd6 36. f5 Bd7 37. Rd1 Qe5 38. Bxd5 Qxd5 39. Nc6 Qxd1+ 40. Qxd1 Bxc6 41. Rd4 Rxd4 42. Qxd4 Bxb5 43. h4 Rc8 44. h5 gxh5 45. Qd2 Rc6 46. f6 Rxf6 47. Qg5+ Rg6 48. Qxb5 a5 49. Qxh5 Re6 50. Kg1 Kg7 51. Qg5+ Kh8 52. Kf2 h6 53. Qd8+ Kg7 54. Kf3 Rg6 55. g3 Re6 56. Qb8 Rg6 57. Ke4 Re6+ 58. Kd4 Rg6 59. Kc4 Re6 60. Kb5 Rg6 61. Qe5+ Kg8 62. Ka6 Re6 63. Qxe6 fxe6 64. Kxb6 Kf7 65. Kxa5 1-0

[Event "42. Zuercher Weihnachtsopen 2018"]
[Site "Zurich"]
[Date "2018.12.29"]
[Round "5"]
[White "Svane, Rasmus"]
[Black "Narayanan.S.L"]
[Result "1/2-1/2"]
[WhiteElo "2596"]
[BlackElo "2575"]
[Annotator "ChessBase"]
[PlyCount "72"]
[EventDate "2018.12.26"]
[EventCountry "SUI"]
[SourceTitle "playchess.com"]
[Source "ChessBase"]
[SourceQuality "1"]

1. d4 Nf6 2. c4 g6 3. g3 Bg7 4. Bg2 O-O 5. Nc3 d6 6. Nf3 Nbd7 7. Bf4 c5 8. d5 a6 9. a4 Ng4 10. Qc2 Nde5 11. Nd2 Nh6 12. e4 f5 13. O-O fxe4 14. Bxh6 Bxh6 15. Ncxe4 Bf5 16. Qb3 Rb8 17. f4 Nf7 18. Rae1 b5 19. cxb5 axb5 20. axb5 Qb6 21. Nf2 Rfe8 22. Be4 Qxb5 23. Qxb5 Rxb5 24. Bxf5 gxf5 25. Nc4 Rb4 26. Ne3 Rxb2 27. Nxf5 Bf8 28. Ng4 Ra8 29. Nxe7+ Bxe7 30. Rxe7 Raa2 31. Rfe1 h5 32. Nf6+ Kg7 33. Ne8+ Kf8 34. Rxf7+ Kxf7 35. Nxd6+ Kf8 36. Re8+ Kg7 1/2-1/2

[Event "42. Zuercher Weihnachtsopen 2018"]
[Site "Zurich"]
[Date "2018.12.29"]
[Round "5"]
[White "Wagner, Dennis"]
[Black "Heinemann, Josefine"]
[Result "1-0"]
[WhiteElo "2576"]
[BlackElo "2337"]
[Annotator "TA"]
[PlyCount "103"]
[EventDate "2018.12.26"]
[EventCountry "SUI"]
[SourceTitle "playchess.com"]
[Source "ChessBase"]
[SourceQuality "1"]

{[%evp 26,103,35,41,41,43,40,41,42,29,70,77,60,70,73,43,64,55,70,62,58,44,71,56,82,41,117,29,235,233,233,227,243,240,226,233,225,242,246,243,239,227,231,235,274,275,325,324,327,308,344,336,369,339,383,368,351,308,466,486,486,445,543,485,635,397,620,547,552,502,754,749,669,451,29985,29986,29996,29997,29997,29998]} 1. Nf3 c5 2. c4 Nc6 3. Nc3 g6 4. e3 Nf6 5. d4 cxd4 6. exd4 d5 7. cxd5 Nxd5 8. Bc4 Nxc3 9. Qb3 Nd5 10. Bxd5 e6 11. Bxc6+ bxc6 12. O-O Bg7 13. Bf4 {A35: Symmetrical English: 2 Nc3 Nc6 3 Nf3} O-O 14. Qe3 {LiveBook: 6 Games} Qb6 15. Bh6 {White is slightly better.} Qxb2 16. Rfb1 Qc2 $1 17. Rc1 {[#]} Qf5 $146 ({Predecessor:} 17... Qb2 18. h4 f6 19. h5 gxh5 20. Bxg7 Kxg7 {0-1 (46) Fressinet,L (2714)-Parligras,M (2618) Istanbul 2012}) 18. Bxg7 Kxg7 19. Rc5 Qf6 20. Ne5 Rd8 21. Rxc6 {Black must now prevent Rc7.} Bd7 $1 {[%cal Rd7c6]} 22. Rc7 Be8 23. Rac1 a5 24. g3 h5 25. R1c5 a4 ({Black should play} 25... Rd5 $14) 26. h4 (26. g4 $16) 26... Ra6 $2 (26... Kg8 $11 {and Black has nothing to worry.}) 27. Nxg6 $18 Qxd4 28. Qg5 {[#] White threatens Ne7+ and mate.} Qa1+ 29. Kg2 {Ne7+ would kill now.} Qf6 30. Qxh5 $40 {[%mdl 128] Threatening mate with Qh8+. Black is in trouble.} Bc6+ 31. R5xc6 Rxc6 32. Rxc6 Qxg6 {[%mdl 4096] Endgame KQR-KQR} 33. Qe5+ Qf6 34. Qe2 Qf5 {[#]} 35. Rc4 $1 a3 36. Rg4+ Kf8 37. Rg5 Qd3 38. Qg4 {Intending Rg8+ and mate.} Rd5 {intending ...Rxg5.} 39. Qb4+ Rd6 40. Ra5 Kg7 41. Qxa3 Qd2 (41... Qd4 $142 42. Qf3 Rd5 43. Rxd5 exd5) 42. Rg5+ Kf8 43. Qc5 Ke7 44. a4 {[%cal Ba2a4,Ba4a5][%mdl 32]} Qe2 45. Re5 Qa2 (45... Qb2 $142 46. h5 Qb7+ 47. Kh2 f6) 46. a5 Qa4 47. Re3 Kd7 (47... Qc6+ $142 48. Qxc6 Rxc6) 48. Rf3 f5 49. Rf4 Qa1 (49... Qc6+ $18 50. Qxc6+ Rxc6 51. Rd4+ Ke7) 50. Rb4 {White mates.} Qd1 51. Rb7+ Ke8 52. Qc8+ {Precision: White = 76%, Black = 42%.} 1-0

[Event "42. Zuercher Weihnachtsopen 2018"]
[Site "Zurich"]
[Date "2018.12.29"]
[Round "5"]
[White "Pikula, Dejan"]
[Black "Bauer, Christian"]
[Result "1/2-1/2"]
[WhiteElo "2486"]
[BlackElo "2646"]
[Annotator "ChessBase"]
[PlyCount "30"]
[EventDate "2018.12.26"]
[EventCountry "SUI"]
[SourceTitle "playchess.com"]
[Source "ChessBase"]
[SourceQuality "1"]

1. d4 Nf6 2. Bf4 d6 3. Nf3 Nbd7 4. e3 Nh5 5. Bg5 h6 6. Bh4 g5 7. Nfd2 Ndf6 8. Be2 Ng7 9. Bg3 Nf5 10. Bd3 Bg7 11. c3 e6 12. Na3 a6 13. Nc2 Qe7 14. e4 Nxg3 15. hxg3 e5 1/2-1/2

[Event "42. Zuercher Weihnachtsopen 2018"]
[Site "Zurich"]
[Date "2018.12.29"]
[Round "5"]
[White "Laurent-Paoli, Pierre"]
[Black "Istratescu, Andrei"]
[Result "1/2-1/2"]
[WhiteElo "2320"]
[BlackElo "2564"]
[Annotator "TA"]
[PlyCount "86"]
[EventDate "2018.12.26"]
[EventCountry "SUI"]
[SourceTitle "playchess.com"]
[Source "ChessBase"]
[SourceQuality "1"]

{[%evp 19,86,78,85,86,106,65,58,51,58,58,47,48,62,72,79,55,63,45,26,33,25,0,0,0,0,0,0,-19,51,39,25,35,51,28,50,0,0,0,17,17,12,16,16,16,14,10,10,16,14,8,8,8,10,0,0,3,5,0,0,0,0,0,0,0,0,0,8,8,8]} 1. d4 d6 2. Nf3 Bg4 3. e4 Nf6 4. h3 Bh5 5. Nc3 e6 6. g4 Bg6 7. Qe2 c6 8. h4 h5 9. g5 Nfd7 10. Bg2 {A41: 1 d4 d6: Tartakower System and Modern Defence} (10. Bh3 Qa5 11. d5 e5 12. Nd2 Qa6 13. Qf3 Be7 14. Nb3 Qb6 15. Be3 Qc7 16. O-O-O a6 17. dxc6 bxc6 18. Bf5 Nb6 19. Qh3 N8d7 20. Bxb6 {1-0 (20) Rapport,R (2720)-Danielsen,H (2488) Reykjavik 2016}) 10... Be7 {LiveBook: 5 Games} 11. O-O O-O $146 ({Predecessor:} 11... Na6 12. Be3 d5 13. Bf4 O-O 14. a3 Nc7 15. Bxc7 Qxc7 16. exd5 {½-½ (16) Madl,I (2366)-Vegh,E (2259) Budapest 2015}) 12. Nd2 {White is better.} e5 13. dxe5 dxe5 14. Bf3 f6 15. Bxh5 Bxh5 16. Qxh5 {[#] Threatening mate with g6.} fxg5 17. hxg5 Bxg5 18. Nf3 Bxc1 19. Raxc1 Rf6 20. Ne2 Rh6 21. Qf5 Qe8 {Threatens to win with ...Rf6.} 22. Rfd1 Rf6 23. Qh3 $1 Nf8 (23... Nc5 $11) 24. Nh4 $1 $14 Nbd7 {[%cal Bb8d7,Bd7c5,Bc5e6,Be6f4][%mdl 32]} 25. Nf5 Nc5 26. Neg3 Nce6 27. Rd6 Rd8 {The position is equal.} 28. Rcd1 {[#] Strongly threatening Rxd8.} Rxd6 29. Rxd6 Nf4 30. Qg4 {[%csl Gf5][%cal Rg4g7]} Rg6 31. Rxg6 N8xg6 32. Nh5 Nxh5 $1 33. Qxh5 {And now Nh4 would win.} Qe6 34. Qg5 Qf6 35. Qxf6 gxf6 $11 {[%mdl 4096] Endgame KN-KN} 36. a4 b5 37. axb5 cxb5 38. b4 Nf4 39. Kf1 Ne6 40. Ke2 a6 41. Ne7+ Kf7 42. Nd5 Kg6 43. Kd3 Kg5 {Accuracy: White = 63%, Black = 83%.} 1/2-1/2

[Event "42. Zuercher Weihnachtsopen 2018"]
[Site "Zurich"]
[Date "2018.12.29"]
[Round "6"]
[White "Bauer, Christian"]
[Black "Wagner, Dennis"]
[Result "1/2-1/2"]
[WhiteElo "2646"]
[BlackElo "2576"]
[Annotator "TA"]
[PlyCount "123"]
[EventDate "2018.12.26"]
[EventCountry "SUI"]
[SourceTitle "playchess.com"]
[Source "ChessBase"]
[SourceQuality "1"]

{[%evp 17,123,2,3,2,2,7,6,-11,15,8,11,19,34,33,34,39,41,43,31,34,43,0,13,12,25,18,33,36,40,38,54,74,70,55,76,105,108,30,22,-47,-37,-44,0,0,0,-49,-16,-82,-72,-77,-79,-76,-80,-101,-66,-64,-54,-67,0,0,0,0,22,22,212,224,371,371,318,371,284,343,321,321,361,371,366,367,366,323,340,321,315,245,245,245,383,383,383,383,568,383,379,350,318,255,255,247,247,232,232,158,160,0,0,0,0,0]} 1. d4 Nf6 2. Nf3 g6 3. Nc3 d5 4. Bf4 Bg7 5. Nb5 Na6 6. e3 {D00: 1 d4 d5: Unusual lines} c6 7. Nc3 Nc7 8. h3 O-O 9. Bd3 Nce8 {LiveBook: 4 Games} 10. O-O Nd6 11. a4 $146 ({Predecessor:} 11. b4 Bf5 12. Bxf5 Nxf5 13. a4 Nd6 14. Ne5 Nd7 15. Nxd7 Qxd7 16. Bxd6 Qxd6 17. Rb1 e5 18. dxe5 Qxe5 {½-½ (18) Sedlak,N (2608)-Strikovic,A (2481) Valjevo 2018}) 11... a5 12. Ne2 Bf5 13. Ng3 Bxd3 14. cxd3 Nde8 15. Qb3 Qc8 16. Qa3 e6 17. b4 axb4 18. Qxb4 Nd7 19. Rab1 Ra7 20. Rfc1 Qa8 21. a5 $36 {[%mdl 2048] White has the initiative.} f6 22. e4 Rf7 23. Qe1 Nf8 24. Bd2 Nc7 25. h4 Nd7 26. h5 Nb5 27. h6 ({Better is} 27. Qe3 $16) 27... Bf8 $11 28. exd5 ({White should play} 28. Qe3 $11) 28... exd5 $15 29. Qe6 Bd6 30. Rxb5 Bxg3 $1 31. Rbb1 Bc7 32. Re1 (32. Qe1 $11) 32... Nf8 $1 $17 {[%cal Rf8e6]} 33. Qg4 Bxa5 34. Bxa5 Rxa5 35. Nd2 Ra4 36. Nb3 b6 37. Re3 Rb4 (37... Qd8 $15) 38. Ra1 $11 {[%cal Bb1a1,Ba1a8,Ba8d8][%mdl 32]} Qd8 39. Nd2 c5 40. Qe2 {Threatens to win with Re8.} Rxd4 $2 (40... Qd7 $1 $11) 41. Re8 Qd7 {[#]} (41... Qd6 $142) 42. Raa8 $1 $18 {[%cal Ra8d8]} Ra4 {[#] White should prevent ...Rxa8.} 43. Rad8 $1 Qf5 44. Nf1 {Threatening mate with Qe7!} Raa7 45. g4 Qf4 46. Qe6 $1 {[%csl Gd8][%cal Re8f8][%mdl 64] Double Attack} Qxh6 {intending ...Kg7.} 47. Rxf8+ $1 Qxf8 48. Qxb6 ({Less strong is} 48. Rxf8+ Kxf8 49. Ne3 (49. Qxb6 c4 $18) (49. Qxd5 Ra4 $18) 49... Rad7 $18) 48... c4 49. Rxf8+ Kxf8 50. dxc4 dxc4 51. Ne3 Kg7 (51... c3 $142 52. Qc5+ Kg7) 52. Nxc4 Rfe7 53. Kg2 Ra2 (53... Ra4 {was worth a try.}) 54. Nd6 Rae2 55. Qd4 R2e5 56. Kg3 h5 57. gxh5 Rg5+ 58. Kf3 Rxh5 59. Nc8 Rf5+ 60. Kg2 $2 (60. Kg3 $16 Rg5+ 61. Kh2) 60... Re2 $11 61. Qa7+ Kh6 62. Nd6 {Accuracy: White = 61%, Black = 51%.} 1/2-1/2

[Event "42. Zuercher Weihnachtsopen 2018"]
[Site "Zurich"]
[Date "2018.12.29"]
[Round "6"]
[White "Martirosyan, Haik M."]
[Black "Boyer, Mahel"]
[Result "1-0"]
[WhiteElo "2607"]
[BlackElo "2226"]
[Annotator "TA"]
[PlyCount "53"]
[EventDate "2018.12.26"]
[EventCountry "SUI"]
[SourceTitle "playchess.com"]
[Source "ChessBase"]
[SourceQuality "1"]

{[%evp 23,53,35,35,8,11,0,0,8,8,4,0,0,82,63,118,114,148,132,209,192,384,381,479,435,608,604,577,538,612,590,575,576]} 1. d4 Nf6 2. Nf3 e6 3. c4 c5 4. d5 d6 5. Nc3 exd5 6. cxd5 g6 7. Bf4 a6 8. a4 Bg7 9. h3 O-O 10. e3 Ne8 {A61: Modern Benoni: Nf3 without early e4} 11. Be2 Nd7 12. O-O Ne5 {LiveBook: 19 Games. White is slightly better.} 13. Nxe5 $146 (13. Nd2 {keeps more tension.} Rb8 14. Bg3 f5 15. a5 Qe7 16. Qb3) ({Predecessor:} 13. Bxe5 dxe5 14. a5 Nd6 15. Nd2 Bf5 16. e4 Bd7 17. Nc4 Qe7 18. Nxd6 Qxd6 {1-0 (41) Lenderman,A (2623)-Preotu,R (2468) Manchester 2016}) 13... dxe5 14. Bh2 {[%cal Bf4h2,Bh2g1,Bg1c5,Bc5d6][%mdl 32]} Nd6 15. a5 Bd7 16. e4 f5 17. f3 f4 (17... Rc8 $11 {remains equal.}) 18. Kh1 $16 Bf6 (18... Rf6 $14) 19. Bg1 Bh4 20. Na4 {[%cal Bc3a4,Ba4c5,Bc5e6][%mdl 32]} g5 (20... Qxa5 $16 21. Nxc5 Qd8) 21. Nxc5 $18 Bc8 $2 {[#]} (21... Rf7 22. Qb3 Bb5) 22. Ne6 Qf6 23. Bc5 {White is clearly winning.} g4 {Now ...gxh3 and Black clings on.} 24. Bxd6 gxh3 25. gxh3 ({Worse is} 25. Bxf8 hxg2+ 26. Kxg2 Qg6+ 27. Kh1 Bg3 $11) 25... Bxe6 26. dxe6 Qxe6 27. Qd5 {Accuracy: White = 67%, Black = 18%.} 1-0